000 00568nam a22002057a 4500
003 OSt
005 20151110213110.0
008 151110b xxu||||| |||| 00| 0 eng d
020 _a0534418163
040 _cDDC
082 _a512 MCK 2004
100 _aMckeague, Charles
_96086
245 _aElementary and intermediate algebra:
_ba combined course
250 _a2nd ed.
260 _aAustralia;
_bThomson,
_c2004
300 _axxii,845p; col.ill:26cm
504 _aAppendices, answers, & index included
650 _aElementary algebra
_96087
942 _2z
_cO_SHELF
999 _c2506
_d2506